[Event "Olimpiada Dresden 2008 Femenina"]
[Site "Dresden GER"]
[Date "2008.11.21"]
[Round "8.7"]
[White "Sabirova, O."]
[Black "Collas, Silvia"]
[Result "1/2-1/2"]
[WhiteElo "2185"]
[BlackElo "2352"]
[PlyCount "147"]
[EventDate "2008.11.13"]
[EventType "team-tourn"]
[EventRounds "11"]
[EventCountry "GER"]
[Source "lmi"]
[SourceDate "2008.11.13"]
[WhiteTeam "Uzbekistán"]
[BlackTeam "Francia"]
[WhiteTeamCountry "UZB"]
[BlackTeamCountry "FRA"]

1. e4 c5 2. Nc3 e6 3. g3 d5 4. d3 dxe4 5. Nxe4 Be7 6. Bg2 Nf6 7. Nf3 Nxe4 8.
dxe4 Qxd1+ 9. Kxd1 b6 10. Bf4 Bb7 11. Re1 Nc6 12. c3 f6 13. h4 e5 14. Be3
O-O-O+ 15. Kc2 Na5 16. Nd2 Rd6 17. Bf1 Rhd8 18. f3 Kb8 19. a3 Bc8 20. b4 Nb7
21. f4 Rc6 22. b5 Rc7 23. a4 Be6 24. Nc4 Na5 25. Nxa5 bxa5 26. c4 Rcd7 27. f5
Bf7 28. Be2 h5 29. Rg1 Rh8 30. Rad1 Rxd1 31. Rxd1 Kc8 32. Rg1 Rh7 33. Kd3 Rh8
34. g4 hxg4 35. Rxg4 Bf8 36. Bf2 Kc7 37. Rg1 Rh7 38. Kc3 Kc8 39. Bf3 Be7 40.
Rh1 Kc7 41. h5 Bf8 42. Be3 Kc8 43. Kd3 Kc7 44. Be2 Kb6 45. Kd2 Kc7 46. Kc2 Be7
47. Kb3 Kc8 48. Bd2 Bd8 49. h6 gxh6 50. Bh5 Bxh5 51. Rxh5 Rg7 52. Rxh6 Rg4 53.
Rh7 Rxe4 54. Rxa7 Rd4 55. Bxa5 Kb8 56. Ra6 Bxa5 57. Rxa5 Rd6 58. Kc2 Kb7 59.
Kc3 e4 60. b6 Kxb6 61. Rb5+ Kc6 62. a5 Rd3+ 63. Kc2 Ra3 64. Rb6+ Kc7 65. Rxf6
Rxa5 66. Re6 Ra2+ 67. Kb3 Rf2 68. Re5 Kd6 69. Rd5+ Kc6 70. Kc3 Re2 71. Re5 Rf2
72. Rxe4 Rf3+ 73. Kb2 Rxf5 74. Re6+ 1/2-1/2

[Event "Olimpiada Dresden 2008 Femenina"]
[Site "Dresden GER"]
[Date "2008.11.21"]
[Round "8.7"]
[White "Nodirjanova, Nodira"]
[Black "Leconte, Maria"]
[Result "1-0"]
[WhiteElo "2118"]
[BlackElo "2349"]
[PlyCount "93"]
[EventDate "2008.11.13"]
[EventType "team-tourn"]
[EventRounds "11"]
[EventCountry "GER"]
[Source "lmi"]
[SourceDate "2008.11.13"]
[WhiteTeam "Uzbekistán"]
[BlackTeam "Francia"]
[WhiteTeamCountry "UZB"]
[BlackTeamCountry "FRA"]

1. d4 e6 2. Nf3 Nf6 3. Bg5 h6 4. Bh4 c5 5. e3 b6 6. Bd3 Bb7 7. Nbd2 Be7 8. O-O
cxd4 9. exd4 O-O 10. Bxf6 Bxf6 11. Be4 Nc6 12. c3 Qc7 13. d5 Na5 14. dxe6 dxe6
15. Bxb7 Nxb7 16. Ne4 Be7 17. Qe2 a5 18. a4 Rae8 19. Nd4 Qc8 20. Nd2 e5 21. Nc2
Bc5 22. Ne4 f5 23. Nxc5 Nxc5 24. Qb5 Re6 25. Rad1 f4 26. f3 Kh8 27. Rd5 e4 28.
Nd4 Rg6 29. fxe4 Nxe4 30. Qd3 f3 31. Rxf3 Re8 32. Rdf5 Nf6 33. Re3 Rd8 34. Rb5
Rg4 35. h3 Rf4 36. g3 Rfxd4 37. cxd4 Qxh3 38. Qf1 Qg4 39. Rd3 Qe4 40. Rxb6 Ng4
41. Rb5 Rxd4 42. Rb8+ Kh7 43. Rd8 Rxd8 44. Rxd8 Qe3+ 45. Kg2 Qe4+ 46. Kh3 Ne3
47. Qd3 1-0

[Event "Olimpiada Dresden 2008 Femenina"]
[Site "Dresden GER"]
[Date "2008.11.21"]
[Round "8.8"]
[White "Schuurman, Petra"]
[Black "Voicu, Carmen"]
[Result "0-1"]
[WhiteElo "2324"]
[BlackElo "2239"]
[PlyCount "92"]
[EventDate "2008.11.13"]
[EventType "team-tourn"]
[EventRounds "11"]
[EventCountry "GER"]
[Source "lmi"]
[SourceDate "2008.11.13"]
[WhiteTeam "Holanda"]
[BlackTeam "ROU"]
[WhiteTeamCountry "NED"]

1. d4 Nf6 2. c4 c5 3. d5 e6 4. Nc3 exd5 5. cxd5 d6 6. Nf3 g6 7. Nd2 Nbd7 8. e4
Bg7 9. Be2 O-O 10. O-O Re8 11. Re1 a6 12. a4 Rb8 13. Ra3 Ne5 14. Nf1 c4 15. b4
cxb3 16. Rxb3 Ned7 17. Ng3 Nc5 18. Rb4 Qa5 19. Ba3 h5 20. Bd3 Ng4 21. Nge2 Bd7
22. Bc2 b5 23. Qb1 Rbc8 24. h3 Ne5 25. f4 Nc4 26. Bc1 Nxa4 27. Nxa4 bxa4 28.
Bd3 Qc5+ 29. Kh2 Qf2 30. Rg1 Ne3 31. Bb2 Qh4 32. f5 Ng4+ 33. Kh1 Nf2+ 34. Kh2
Ng4+ 35. Kh1 Nf2+ 36. Kh2 Bh6 37. Bd4 Nxd3 38. Qxd3 Qxe4 39. Qxe4 Rxe4 40. fxg6
Rxe2 41. gxf7+ Kxf7 42. Rf1+ Ke8 43. Rb7 Rcc2 44. Rb8+ Bc8 45. Kh1 Be3 46. Bg7
Bf2 0-1

[Event "Olimpiada Dresden 2008 Femenina"]
[Site "Dresden GER"]
[Date "2008.11.21"]
[Round "8.8"]
[White "Schut, Lisa"]
[Black "Motoc, Alina"]
[Result "0-1"]
[WhiteElo "2153"]
[BlackElo "2313"]
[PlyCount "80"]
[EventDate "2008.11.13"]
[EventType "team-tourn"]
[EventRounds "11"]
[EventCountry "GER"]
[Source "lmi"]
[SourceDate "2008.11.13"]
[WhiteTeam "Holanda"]
[BlackTeam "ROU"]
[WhiteTeamCountry "NED"]

1. e4 c5 2. Nf3 d6 3. d4 cxd4 4. Nxd4 Nf6 5. Nc3 a6 6. Bg5 e6 7. f4 Qb6 8. Qd2
Nc6 9. Bxf6 gxf6 10. Nb3 Bd7 11. O-O-O O-O-O 12. Be2 h5 13. Rhf1 Na5 14. Kb1
Nxb3 15. axb3 Bc6 16. Qd3 Qc5 17. Qh3 Kb8 18. f5 Qe5 19. Qh4 b5 20. fxe6 fxe6
21. Qxf6 Bg7 22. Qf2 Kb7 23. b4 Rd7 24. g3 Ra8 25. Qf4 a5 26. Qxe5 Bxe5 27.
Bxb5 axb4 28. Bxc6+ Kxc6 29. Na2 Kb5 30. Nc1 Rda7 31. c3 bxc3 32. bxc3 Kc4 33.
Kc2 Rb8 34. Rf3 Rab7 35. Nd3 Bxc3 36. e5 d5 37. Rf6 Ra7 38. Rf3 Ra2+ 39. Kc1
Rba8 40. Rf4+ d4 0-1

[Event "Olimpiada Dresden 2008 Femenina"]
[Site "Dresden GER"]
[Date "2008.11.21"]
[Round "8.9"]
[White "Moncayo Romero, Evelyn"]
[Black "Krivec, Jana"]
[Result "0-1"]
[WhiteElo "2142"]
[BlackElo "2345"]
[PlyCount "110"]
[EventDate "2008.11.13"]
[EventType "team-tourn"]
[EventRounds "11"]
[EventCountry "GER"]
[Source "lmi"]
[SourceDate "2008.11.13"]
[WhiteTeam "Ecuador"]
[BlackTeam "Eslovenia"]
[WhiteTeamCountry "ECU"]
[BlackTeamCountry "SLO"]

1. e4 e5 2. Nf3 d6 3. d4 exd4 4. Nxd4 Nf6 5. Nc3 Be7 6. Be2 O-O 7. O-O Re8 8.
Re1 Bf8 9. Bf3 c6 10. Bf4 Nbd7 11. h3 Ne5 12. g4 Nxf3+ 13. Qxf3 Qb6 14. Nb3 Nd7
15. Qg3 Ne5 16. Be3 Qc7 17. Nd2 Be6 18. b3 f6 19. f4 Nd7 20. Nf3 Qa5 21. Bd2
Qc5+ 22. Kg2 d5 23. exd5 Bxd5 24. Nxd5 Qxd5 25. Rad1 Nc5 26. Be3 Qf7 27. Nd2
Ne4 28. Qf3 Nc3 29. Ra1 Qd5 30. Qxd5+ Nxd5 31. Nf1 Bb4 32. Bd2 Nxf4+ 33. Kg3
Nd5 34. c4 Bxd2 35. Nxd2 Nb4 36. Re4 Rad8 37. a3 Nc2 38. Ra2 Rd3+ 39. Kf4 g5+
40. Kf5 Rxe4 41. Nxe4 Rf3+ 42. Ke6 Nd4+ 43. Kd7 Nxb3 44. Kc7 b5 45. Nd6 bxc4
46. Re2 Nd4 47. Re8+ Kg7 48. Re7+ Kg6 49. Re8 Nb5+ 50. Kxc6 Nxd6 51. Kxd6 Rxa3
52. Rc8 Rd3+ 53. Ke7 Re3+ 54. Kf8 Rxh3 55. Rc7 h5 0-1

[Event "Olimpiada Dresden 2008 Femenina"]
[Site "Dresden GER"]
[Date "2008.11.21"]
[Round "8.9"]
[White "Rojas Solano, Jessenia"]
[Black "Novak, Ksenija"]
[Result "0-1"]
[WhiteElo "1959"]
[BlackElo "2163"]
[PlyCount "126"]
[EventDate "2008.11.13"]
[EventType "team-tourn"]
[EventRounds "11"]
[EventCountry "GER"]
[Source "lmi"]
[SourceDate "2008.11.13"]
[WhiteTeam "Ecuador"]
[BlackTeam "Eslovenia"]
[WhiteTeamCountry "ECU"]
[BlackTeamCountry "SLO"]

1. d4 Nf6 2. c4 c5 3. Nf3 g6 4. g3 Qa5+ 5. Nc3 Ne4 6. Qc2 cxd4 7. Nxd4 Nxc3 8.
Bd2 Qc5 9. Qxc3 Bg7 10. Be3 Nc6 11. Rd1 d5 12. b3 O-O 13. Bg2 dxc4 14. O-O Qh5
15. Qxc4 Ne5 16. Qc1 Ng4 17. Nf3 e5 18. h4 Nxe3 19. Qxe3 Bg4 20. Rfe1 Rae8 21.
Rd5 b6 22. Qg5 Qxg5 23. Nxg5 h6 24. Ne4 Rd8 25. Red1 Rc8 26. R1d2 Rc1+ 27. Kh2
Be6 28. Rd6 Rfc8 29. Rd8+ Kh7 30. Rxc8 Rxc8 31. Bh3 f5 32. Nd6 Rd8 33. e4 Bf8
34. Nc4 Rxd2 35. Nxd2 Kg7 36. h5 Bb4 37. Nf3 fxe4 38. Bxe6 exf3 39. Bd5 Bc5 40.
Kg1 gxh5 41. Bxf3 Kg6 42. Kg2 Kg5 43. Bd5 h4 44. gxh4+ Kxh4 45. f3 Ba3 46. Bc6
a5 47. Bd7 Kg5 48. Kg3 Bd6 49. Kg2 Ba3 50. Kg3 Kf6 51. Kg4 Ke7 52. Bb5 Kd6 53.
Kh5 Kc5 54. Bd7 Kb4 55. Kxh6 Bc1+ 56. Kg6 Ka3 57. Kf5 Bf4 58. Ke4 Kxa2 59. Be6
Kb2 60. Kd3 b5 61. Bd7 Kxb3 62. Bxb5 a4 63. Bc4+ Kb2 0-1

[Event "Olimpiada Dresden 2008 Femenina"]
[Site "Dresden GER"]
[Date "2008.11.21"]
[Round "8.10"]
[White "Mamedjarova, Zeinab"]
[Black "Danielian, Elina"]
[Result "0-1"]
[WhiteElo "2351"]
[BlackElo "2513"]
[PlyCount "70"]
[EventDate "2008.11.13"]
[EventType "team-tourn"]
[EventRounds "11"]
[EventCountry "GER"]
[Source "lmi"]
[SourceDate "2008.11.13"]
[WhiteTeam "Azerbaiyán"]
[BlackTeam "Armenia"]
[WhiteTeamCountry "AZE"]
[BlackTeamCountry "ARM"]

1. d4 d5 2. c4 dxc4 3. e4 Nf6 4. e5 Nd5 5. Bxc4 Nb6 6. Bd3 Nc6 7. Ne2 Bg4 8. f3
Be6 9. Nbc3 Qd7 10. Ne4 Bd5 11. Nc5 Qc8 12. O-O e6 13. Na4 Be7 14. Be3 Nb4 15.
Nxb6 axb6 16. Bb1 c5 17. Nc3 Bc4 18. Rf2 O-O 19. Rd2 Rd8 20. b3 cxd4 21. Rxd4
Bd5 22. Nxd5 Nxd5 23. Qd3 g6 24. Rc4 Qb8 25. Bd4 b5 26. Rc2 Nb4 27. Qe3 Nxc2
28. Bxc2 Qc7 29. Rc1 Rxd4 30. Bxg6 Rd1+ 31. Rxd1 Bc5 32. Bxh7+ Kxh7 33. Rd4
Bxd4 34. Qxd4 Qc1+ 35. Kf2 Rxa2+ 0-1

[Event "Olimpiada Dresden 2008 Femenina"]
[Site "Dresden GER"]
[Date "2008.11.21"]
[Round "8.10"]
[White "Mkrtchian, Lilit"]
[Black "Mamedjarova, Turkan"]
[Result "1-0"]
[WhiteElo "2443"]
[BlackElo "2269"]
[PlyCount "169"]
[EventDate "2008.11.13"]
[EventType "team-tourn"]
[EventRounds "11"]
[EventCountry "GER"]
[Source "lmi"]
[SourceDate "2008.11.13"]
[WhiteTeam "Armenia"]
[BlackTeam "Azerbaiyán"]
[WhiteTeamCountry "ARM"]
[BlackTeamCountry "AZE"]

1. d4 d5 2. c4 e6 3. Nc3 Nf6 4. cxd5 exd5 5. Bg5 Be7 6. e3 c6 7. Bd3 Nbd7 8.
Qc2 Nf8 9. Nf3 Ne6 10. Bxf6 Bxf6 11. b4 Qe7 12. b5 Bd7 13. bxc6 bxc6 14. O-O g6
15. Rab1 O-O 16. Rb7 Qd6 17. Na4 Rfb8 18. Rfb1 Rxb7 19. Rxb7 Nd8 20. Rb3 Rb8
21. Nc5 Rxb3 22. Qxb3 Bc8 23. Qa4 Qc7 24. Nd2 Ne6 25. Ndb3 Be7 26. Qb4 Nxc5 27.
Nxc5 Qb6 28. Qc3 Qc7 29. Bc2 Bd6 30. f4 Qe7 31. g3 g5 32. Kf2 Qf6 33. Nd3 gxf4
34. Nxf4 Bxf4 35. exf4 Qh6 36. h4 Qe6 37. Qd3 f5 38. Ba4 Bd7 39. Bc2 Qd6 40.
Qc3 Qb8 41. Qa3 Kf7 42. Bd3 Qb6 43. Ke3 h6 44. Qd6 Be6 45. Be2 c5 46. Bh5+ Kg8
47. dxc5 d4+ 48. Qxd4 Qa5 49. Be2 Qe1 50. Qd8+ Kf7 51. Qc7+ Kg8 52. Qb8+ Kf7
53. Qc7+ Kg8 54. Qe5 Bc4 55. Qb8+ Kg7 56. Qxa7+ Bf7 57. Qc7 Qg1+ 58. Kd2 Qd4+
59. Bd3 Qf2+ 60. Be2 Qd4+ 61. Bd3 Qf2+ 62. Kc3 Qe1+ 63. Kc2 Qf2+ 64. Kc3 Qe1+
65. Kb2 Qb4+ 66. Kc2 Qa4+ 67. Kd2 Qxa2+ 68. Ke3 Qg2 69. Qe5+ Kg8 70. Qb8+ Kg7
71. Qe5+ Kg8 72. Bxf5 Qxg3+ 73. Kd2 Qxh4 74. Bd3 Qf2+ 75. Kc3 Qa2 76. Qb8+ Kg7
77. Qe5+ Kg8 78. c6 Qa3+ 79. Kd2 Qb4+ 80. Ke2 Qf8 81. c7 Qc8 82. Bf5 Qa6+ 83.
Kf2 Qb6+ 84. Kg2 Qb7+ 85. Kh2 1-0

[Event "Olimpiada Dresden 2008 Femenina"]
[Site "Dresden GER"]
[Date "2008.11.21"]
[Round "8.10"]
[White "Umudova, Nargiz"]
[Black "Aginian, Nelly"]
[Result "0-1"]
[WhiteElo "2219"]
[BlackElo "2325"]
[PlyCount "108"]
[EventDate "2008.11.13"]
[EventType "team-tourn"]
[EventRounds "11"]
[EventCountry "GER"]
[Source "lmi"]
[SourceDate "2008.11.13"]
[WhiteTeam "Azerbaiyán"]
[BlackTeam "Armenia"]
[WhiteTeamCountry "AZE"]
[BlackTeamCountry "ARM"]

1. e4 e6 2. d4 d5 3. Nd2 c5 4. exd5 exd5 5. Ngf3 Nf6 6. Bb5+ Bd7 7. Bxd7+ Nbxd7
8. O-O Be7 9. Re1 O-O 10. dxc5 Nxc5 11. Nf1 Re8 12. Be3 Nfe4 13. c3 a5 14. Nd4
a4 15. f3 Nd6 16. Bf2 Nc4 17. Nf5 Ne6 18. Nxe7+ Rxe7 19. Qc2 Rd7 20. b3 Na5 21.
Ng3 axb3 22. axb3 Rc8 23. Qa2 Nc6 24. b4 Qf6 25. b5 Ne5 26. Rad1 Nc4 27. Ne2
Qg6 28. Nd4 Nf4 29. Bg3 Nd3 30. Re2 h6 31. Qb1 Nc5 32. Qxg6 fxg6 33. Rde1 Kf7
34. Bh4 g5 35. Bg3 Ra8 36. h4 Nd3 37. Rd1 Ndb2 38. Rb1 gxh4 39. Bxh4 Nd3 40.
Bg3 Ra3 41. b6 Rxc3 42. Bc7 Nc5 43. Rbe1 Na6 44. Ne6 d4 45. Nd8+ Kg6 46. Nxb7
Nxc7 47. Nc5 Nxb6 48. Nxd7 Nxd7 49. Re7 Nf6 50. Rd1 Ncd5 51. Ra7 d3 52. Kf2
Rc2+ 53. Kg3 d2 54. Kh3 Ne3 0-1

[Event "Olimpiada Dresden 2008 Femenina"]
[Site "Dresden GER"]
[Date "2008.11.21"]
[Round "8.10"]
[White "Galojan, Lilit"]
[Black "Kazimova, Narmin Nizami qizi"]
[Result "1-0"]
[WhiteElo "2305"]
[BlackElo "2171"]
[PlyCount "121"]
[EventDate "2008.11.13"]
[EventType "team-tourn"]
[EventRounds "11"]
[EventCountry "GER"]
[Source "lmi"]
[SourceDate "2008.11.13"]
[WhiteTeam "Armenia"]
[BlackTeam "Azerbaiyán"]
[WhiteTeamCountry "ARM"]
[BlackTeamCountry "AZE"]

1. d4 Nf6 2. c4 e6 3. Nf3 b6 4. g3 Ba6 5. b3 Bb4+ 6. Bd2 Be7 7. Bg2 c6 8. Bc3
d5 9. Ne5 Nfd7 10. Nxd7 Nxd7 11. Nd2 f5 12. Rc1 O-O 13. O-O Bd6 14. Rc2 Nf6 15.
Bb2 Qe7 16. Qc1 Kh8 17. Nf3 c5 18. Rd1 Bb7 19. Ne5 Rac8 20. e3 Ne4 21. Nd3 dxc4
22. bxc4 Ng5 23. d5 b5 24. h4 bxc4 25. Nf4 Bxf4 26. hxg5 Bd6 27. dxe6 Bxg2 28.
Kxg2 Qxe6 29. Rxc4 Rfd8 30. Qc3 Qg6 31. Rd5 Bf8 32. Re5 Qc6+ 33. f3 Qd7 34. Bc1
Qf7 35. Qc2 Rd5 36. Rxd5 Qxd5 37. Ra4 Qd7 38. g6 h6 39. Rf4 Bd6 40. Rxf5 Qe6
41. Rf7 a6 42. Bb2 Bf8 43. Qf5 Qxf5 44. Rxf5 Kg8 45. Ba3 Rc6 46. g4 a5 47. Kf2
a4 48. Ke2 Rxg6 49. Bxc5 Bxc5 50. Rxc5 Rb6 51. Kd3 Rd6+ 52. Kc3 Rf6 53. f4 Rg6
54. g5 hxg5 55. Rxg5 Rxg5 56. fxg5 Kf7 57. Kb4 Kg6 58. Kxa4 Kxg5 59. Kb4 Kf5
60. Kc3 g5 61. Kd3 1-0

[Event "Olimpiada Dresden 2008 Femenina"]
[Site "Dresden GER"]
[Date "2008.11.21"]
[Round "8.11"]
[White "Voiska, Margarita"]
[Black "Seps, Monika"]
[Result "0-1"]
[WhiteElo "2318"]
[BlackElo "2203"]
[PlyCount "184"]
[EventDate "2008.11.13"]
[EventType "team-tourn"]
[EventRounds "11"]
[EventCountry "GER"]
[Source "lmi"]
[SourceDate "2008.11.13"]
[WhiteTeam "Bulgaria"]
[BlackTeam "Suiza"]
[WhiteTeamCountry "BUL"]
[BlackTeamCountry "SUI"]

1. d4 Nf6 2. Nf3 g6 3. g3 Bg7 4. Bg2 O-O 5. O-O d6 6. a4 a5 7. b3 Nbd7 8. Bb2
d5 9. Nbd2 c6 10. Re1 Re8 11. Rb1 Nf8 12. Ne5 Bf5 13. f3 N6d7 14. e4 Nxe5 15.
exf5 Ned7 16. fxg6 hxg6 17. f4 Qb6 18. Nf3 e5 19. fxe5 Nxe5 20. Nxe5 Bxe5 21.
c3 Bg7 22. Ba3 Qc7 23. Rb2 Qd7 24. Rbe2 Rxe2 25. Qxe2 Nh7 26. Qd2 Re8 27. Rxe8+
Qxe8 28. Bd6 Nf6 29. Be5 Ng4 30. Bf4 Qe7 31. Bf3 Nf6 32. Be5 Nd7 33. Bxg7 Kxg7
34. Kg2 Qa3 35. Qc2 Qa1 36. Kf2 Nf6 37. h4 b5 38. g4 b4 39. g5 Nd7 40. cxb4
Qxd4+ 41. Kg3 Ne5 42. bxa5 Nd3 43. Qd2 c5 44. a6 c4 45. bxc4 dxc4 46. a7 Qxa7
47. Be4 Qg1+ 48. Bg2 Qd4 49. Bf1 Qe5+ 50. Kg2 Nf4+ 51. Kf3 c3 52. Qe3 Qc7 53.
Qd4+ Kg8 54. Bc4 Nh5 55. Ke2 Qh2+ 56. Kd1 Qb2 57. Qd3 Qa1+ 58. Kc2 Qb2+ 59. Kd1
Kg7 60. Qd4+ Kh7 61. Ke1 Qb1+ 62. Kf2 Qc2+ 63. Ke1 Qb1+ 64. Kf2 Qb4 65. Qd5 Qe7
66. Bb3 Qc7 67. Bc2 Qh2+ 68. Qg2 Qxh4+ 69. Ke3 Qc4 70. Qf3 Kg7 71. Qe4 Qc7 72.
Qd4+ Kg8 73. Qg4 Qe5+ 74. Kf3 Qe1 75. a5 Qd2 76. Bb3 Qd3+ 77. Kg2 Kg7 78. Qf3
Qd2+ 79. Kh3 Qd7+ 80. Kg2 Qc7 81. Qf2 Nf4+ 82. Kf3 Qb7+ 83. Kxf4 Qxb3 84. Qd4+
Kh7 85. Qe3 Qc4+ 86. Ke5 c2 87. Qc1 Qb5+ 88. Kd6 Qb1 89. Qf4 Kg8 90. Qe4 c1=Q
91. Qe8+ Kg7 92. Qe5+ Kh7 0-1

[Event "Olimpiada Dresden 2008 Femenina"]
[Site "Dresden GER"]
[Date "2008.11.21"]
[Round "8.11"]
[White "Hund, Barbara"]
[Black "Velcheva, Maria"]
[Result "1/2-1/2"]
[WhiteElo "2216"]
[BlackElo "2280"]
[PlyCount "83"]
[EventDate "2008.11.13"]
[EventType "team-tourn"]
[EventRounds "11"]
[EventCountry "GER"]
[Source "lmi"]
[SourceDate "2008.11.13"]
[WhiteTeam "Suiza"]
[BlackTeam "Bulgaria"]
[WhiteTeamCountry "SUI"]
[BlackTeamCountry "BUL"]

1. e4 c5 2. Nf3 e6 3. d4 cxd4 4. Nxd4 Nf6 5. Nc3 Nc6 6. Ndb5 Bb4 7. a3 Bxc3+ 8.
Nxc3 d5 9. exd5 exd5 10. Bg5 O-O 11. Bd3 Re8+ 12. Ne2 Ne5 13. O-O Bg4 14. f3
Qb6+ 15. Kh1 Bd7 16. Nf4 Nxd3 17. Nxd3 Bb5 18. a4 Bxd3 19. Qxd3 Qxb2 20. Rab1
Qe5 21. Bxf6 Qxf6 22. Rxb7 Qc6 23. Qb5 Qxb5 24. Rxb5 Rac8 25. Rxd5 Rxc2 26. Ra5
Ree2 27. Rxa7 h5 28. Rg1 h4 29. h3 g5 30. Rb7 Kg7 31. Rb4 Kg6 32. f4 f5 33.
Rb6+ Kh5 34. fxg5 Kxg5 35. Rb8 Ra2 36. Rg8+ Kf6 37. Rf1 Rxa4 38. Rf8+ Kg6 39.
R8xf5 Ree4 40. Rf8 Kg7 41. Rb8 Rab4 42. Rxb4 1/2-1/2

[Event "Olimpiada Dresden 2008 Femenina"]
[Site "Dresden GER"]
[Date "2008.11.21"]
[Round "8.11"]
[White "Raeva, Elitsa"]
[Black "Lematschko, Tatjana"]
[Result "1-0"]
[WhiteElo "2251"]
[BlackElo "2195"]
[PlyCount "125"]
[EventDate "2008.11.13"]
[EventType "team-tourn"]
[EventRounds "11"]
[EventCountry "GER"]
[Source "lmi"]
[SourceDate "2008.11.13"]
[WhiteTeam "Bulgaria"]
[BlackTeam "Suiza"]
[WhiteTeamCountry "BUL"]
[BlackTeamCountry "SUI"]

1. d4 Nf6 2. Nf3 e6 3. g3 c5 4. Bg2 Nc6 5. O-O d5 6. e3 Qc7 7. b3 Bd6 8. Bb2
O-O 9. Nbd2 e5 10. dxe5 Nxe5 11. Nxe5 Bxe5 12. Bxe5 Qxe5 13. c4 Bg4 14. Qc1 d4
15. exd4 Qxd4 16. Nf3 Qd6 17. Qg5 h6 18. Qe5 Rad8 19. Rfe1 b6 20. Qxd6 Rxd6 21.
Ne5 Rfd8 22. h3 Be6 23. Re2 Bd7 24. Rae1 a5 25. f4 Be8 26. g4 Rd1 27. Rxd1
Rxd1+ 28. Kf2 Kf8 29. Bf3 Rd4 30. Kg3 Ng8 31. Be4 Ne7 32. g5 f6 33. Nf3 Rd6 34.
h4 Bh5 35. gxh6 gxh6 36. f5 Ke8 37. Rg2 Kf8 38. Kf4 Be8 39. Nh2 h5 40. Nf1 Rd4
41. Ng3 Nc6 42. Ke3 Ne5 43. Rg1 a4 44. Ne2 Rd7 45. Nf4 Ng4+ 46. Ke2 axb3 47.
axb3 Ra7 48. Kd2 Ra2+ 49. Kc3 Bf7 50. Bc2 Ne3 51. Be4 Rf2 52. Ne6+ Ke7 53. Re1
Ng4 54. Nc7 Ne5 55. Ra1 Rf4 56. Bg2 Rg4 57. Bd5 Rg3+ 58. Kc2 Rh3 59. Ra7 Rh2+
60. Kb1 Bxd5 61. Nxd5+ Kd6 62. Nxf6 Rxh4 63. Ne8+ 1-0

[Event "Olimpiada Dresden 2008 Femenina"]
[Site "Dresden GER"]
[Date "2008.11.21"]
[Round "8.12"]
[White "Amura, Claudia"]
[Black "Nemcova, Katerina"]
[Result "1-0"]
[WhiteElo "2344"]
[BlackElo "2369"]
[PlyCount "63"]
[EventDate "2008.11.13"]
[EventType "team-tourn"]
[EventRounds "11"]
[EventCountry "GER"]
[Source "lmi"]
[SourceDate "2008.11.13"]
[WhiteTeam "Argentina"]
[BlackTeam "Chequia"]
[WhiteTeamCountry "ARG"]
[BlackTeamCountry "CZE"]

1. d4 d5 2. c4 c6 3. Nf3 Nf6 4. e3 e6 5. Nbd2 c5 6. Bd3 Nc6 7. Bc2 Bd6 8. a3
cxd4 9. exd4 O-O 10. O-O b6 11. Re1 Qc7 12. cxd5 exd5 13. h3 Bd7 14. Nf1 Rfe8
15. Ne3 Rac8 16. Bd2 h6 17. Rc1 Qb8 18. Bb3 Be6 19. Bc3 Ne7 20. Qd3 Ng6 21. Qb5
Nf4 22. Ne5 Qb7 23. Bb4 a6 24. Qf1 Ne4 25. Rxc8 Rxc8 26. Rd1 Bxb4 27. axb4 Qe7
28. Qxa6 Qxb4 29. Bxd5 Nxd5 30. Nxd5 Qxb2 31. Nd3 Nc3 32. Nxb2 1-0

[Event "Olimpiada Dresden 2008 Femenina"]
[Site "Dresden GER"]
[Date "2008.11.21"]
[Round "8.12"]
[White "Kulovana, Eva"]
[Black "Zuriel, Marisa"]
[Result "1/2-1/2"]
[WhiteElo "2286"]
[BlackElo "2189"]
[PlyCount "113"]
[EventDate "2008.11.13"]
[EventType "team-tourn"]
[EventRounds "11"]
[EventCountry "GER"]
[Source "lmi"]
[SourceDate "2008.11.13"]
[WhiteTeam "Chequia"]
[BlackTeam "Argentina"]
[WhiteTeamCountry "CZE"]
[BlackTeamCountry "ARG"]

1. e4 c5 2. Nf3 d6 3. d4 cxd4 4. Nxd4 Nf6 5. Nc3 a6 6. Be2 e6 7. O-O Be7 8. f4
Qc7 9. Kh1 O-O 10. Qe1 b5 11. Bf3 Bb7 12. e5 dxe5 13. fxe5 Nfd7 14. Bxb7 Qxb7
15. Qg3 Kh8 16. Bf4 b4 17. Nce2 Nc6 18. Qf3 Rac8 19. Rad1 Nb6 20. Bg3 Nd8 21.
Qf2 Nc4 22. b3 Na3 23. Rd2 Bc5 24. Qf4 Nc6 25. Qe4 Nd8 26. Qg4 Nc6 27. Nxc6
Qxc6 28. Bh4 Nb5 29. Ng3 Be3 30. Re2 Qc5 31. Ne4 Qa7 32. Be1 a5 33. Bf2 Bxf2
34. Rexf2 Qe7 35. Ng5 Kg8 36. Qh5 h6 37. Nxf7 Nd4 38. Qg6 Nf5 39. Nd6 Nxd6 40.
exd6 Qxd6 41. Rxf8+ Rxf8 42. Re1 Rf6 43. Qe4 Qb6 44. h3 Qc5 45. Rd1 Qf5 46.
Rd8+ Kh7 47. Qxf5+ Rxf5 48. Rc8 Rf1+ 49. Kh2 Ra1 50. Kg3 Rxa2 51. Rc6 a4 52.
bxa4 Rxa4 53. Rxe6 Ra3+ 54. Kf4 Rc3 55. Re2 b3 56. cxb3 Rxb3 57. Ke4 1/2-1/2

[Event "Olimpiada Dresden 2008 Femenina"]
[Site "Dresden GER"]
[Date "2008.11.21"]
[Round "8.12"]
[White "Amed, Stephanie"]
[Black "Richtrova, Eliska"]
[Result "1/2-1/2"]
[WhiteElo "2142"]
[BlackElo "2270"]
[PlyCount "120"]
[EventDate "2008.11.13"]
[EventType "team-tourn"]
[EventRounds "11"]
[EventCountry "GER"]
[Source "lmi"]
[SourceDate "2008.11.13"]
[WhiteTeam "Argentina"]
[BlackTeam "Chequia"]
[WhiteTeamCountry "ARG"]
[BlackTeamCountry "CZE"]

1. e4 c5 2. Nf3 Nc6 3. d4 cxd4 4. Nxd4 e5 5. Nb5 d6 6. N1c3 a6 7. Na3 b5 8. Nd5
Nge7 9. c4 b4 10. Nc2 Rb8 11. Bd3 Ng6 12. Nce3 a5 13. O-O Be7 14. g3 O-O 15.
Nf5 Bg5 16. f4 exf4 17. gxf4 Bf6 18. Bc2 Bxf5 19. exf5 Nh4 20. Be3 Bxb2 21. Rb1
Bf6 22. Bf2 Re8 23. Nxf6+ Qxf6 24. Qg4 Qc3 25. Ba4 Nf3+ 26. Kh1 Nfd4 27. Bxd4
Nxd4 28. Bxe8 Rxe8 29. Rbc1 Qd3 30. f6 Qe4+ 31. Qg2 Qxg2+ 32. Kxg2 gxf6 33.
Rfe1 Rc8 34. Re7 a4 35. Ra7 Ne2 36. Rc2 Nxf4+ 37. Kf3 Ne6 38. Rg2+ Ng5+ 39. Ke3
Rxc4 40. Rxa4 Kf8 41. Rb2 Rc3+ 42. Ke2 Rh3 43. Kf1 Ne6 44. Raxb4 Nc5 45. Re2 f5
46. Rf4 Ne6 47. Rb4 f4 48. Rd2 Ke7 49. Rb7+ Kf6 50. Rd7 Ng5 51. R7xd6+ Kf5 52.
R6d5+ Kg6 53. R5d3 f3 54. Rd6+ f6 55. R6d4 Kf5 56. a4 Ne4 57. Rb2 f2 58. Re2
Rh4 59. Rxf2+ Ke5 60. Rxe4+ Kd5 1/2-1/2

[Event "Olimpiada Dresden 2008 Femenina"]
[Site "Dresden GER"]
[Date "2008.11.21"]
[Round "8.13"]
[White "Botsari, Anna-Maria"]
[Black "Daulyte, Deimante"]
[Result "1/2-1/2"]
[WhiteElo "2308"]
[BlackElo "2278"]
[PlyCount "124"]
[EventDate "2008.11.13"]
[EventType "team-tourn"]
[EventRounds "11"]
[EventCountry "GER"]
[Source "lmi"]
[SourceDate "2008.11.13"]
[WhiteTeam "Grecia"]
[BlackTeam "Lituania"]
[WhiteTeamCountry "GRE"]
[BlackTeamCountry "LTU"]

1. d4 Nf6 2. c4 g6 3. Nc3 Bg7 4. e4 d6 5. f3 O-O 6. Bg5 c5 7. d5 e6 8. Qd2 exd5
9. cxd5 Bd7 10. Bc4 Na6 11. Nge2 Nc7 12. a4 b6 13. O-O a6 14. Ng3 b5 15. Be2
bxa4 16. Nxa4 Nb5 17. Rfb1 Nd4 18. b4 Bxa4 19. Rxa4 Qb6 20. Be3 Nd7 21. Bd3 Qc7
22. bxc5 dxc5 23. Qa2 a5 24. f4 Nb6 25. Rxa5 Rxa5 26. Qxa5 Nxd5 27. Qxc7 Nxc7
28. Rb7 Rc8 29. Bc4 Nce6 30. f5 Rc7 31. Rb8+ Nf8 32. Bg5 gxf5 33. exf5 h6 34.
Bd8 Rd7 35. Rc8 Be5 36. f6 Nc6 37. Bb6 Bd4+ 38. Kf1 Ne5 39. Bxc5 Bxc5 40. Rxc5
Nxc4 41. Rxc4 Kh7 42. Ne4 Ne6 43. h4 Kg6 44. g4 h5 45. g5 Rd4 46. Rxd4 Nxd4 47.
Kg2 Nf5 48. Kh3 Nd4 49. Nd6 Ne6 50. Ne4 Kf5 51. Nd6+ Kg6 52. Kg3 Nxg5 53. hxg5
Kxg5 54. Ne8 Kf5 55. Kf3 Ke5 56. Ke3 h4 57. Kf3 Kf5 58. Kg2 Kg6 59. Kh2 Kf5 60.
Kh3 Kg5 61. Kg2 Kg6 62. Kh3 Kg5 1/2-1/2